000 00615aas a2200169 4500
999 _c50822
_d50822
001 768714001
003 CO-MdFUSB
005 20170901094530.0
008 170831s1991 gt ||||| |||| 00| 0 spa d
040 _aCO-MdFUSB
_bspa
_cCO-MdFUSB
_dCO-MdFUSB
041 _aspa
100 1 _aKinsler, Ross
_eautor
245 1 0 _aEducación teológica latinoamericana en perspectiva histórica :
_balgunos logros y algunas lagunas
_c/ Kinsler, Ross
300 _aVolumen 1. Número 2 (1991), páginas 7-19
_c: 28 cm.
773 0 _tBoletín ALIET
_049394
_959447
_gVolumen 1. Número 2 (1991), páginas 7-19
_qPágina 7
942 _cANA